Normal view MARC view

Entry Personal Name

Number of records used in: 1

001 - CONTROL NUMBER

  • control field: 762337

003 - CONTROL NUMBER IDENTIFIER

  • control field: OSt

005 - DATE AND TIME OF LATEST TRANSACTION

  • control field: 20250508152754.0

008 - FIXED-LENGTH DATA ELEMENTS

  • fixed length control field: 250508|| aca||aabn | a|a d

040 ## - CATALOGING SOURCE

  • Original cataloging agency: OSt
  • Transcribing agency: OSt

100 ## - HEADING--PERSONAL NAME

  • Personal name: Savitri Shyam

670 ## - SOURCE DATA FOUND

  • Source citation: Work cat.: (OSt)1338660: Shyam Sunder, Political life of Pandit Govind Ballabh Pant, V 1( 1887-1945), 1960
Copyright @ Delhi University Library System